|
|
|
|
| LEADER |
00000nam a22000007a 4500 |
| 005 |
20130614131143.0 |
| 007 |
cr|||| |||| |
| 008 |
130614e2013 mx |||||s|||| 00||0 spa d |
| 035 |
|
|
|a 11345
|
| 040 |
|
|
|a vLex
|
| 090 |
|
|
|c 4363
|d 4363
|
| 100 |
1 |
0 |
|a Bornacini Hervella, Honor ̌A.
|
| 245 |
1 |
0 |
|a Gua̕ de la prima del seguro de riesgos de trabajo 2013
|c / Honor ̌A. Bornacini Hervella, Vicente Romero Said
|h [Recurso electrn̤ico]
|
| 256 |
|
|
|a Servicio en ln̕ea
|
| 260 |
|
|
|a Mx̌ico D.F. :
|b Mx̌ico Fiscal,
|c 2013
|
| 300 |
|
|
|a 1 Recurso electrn̤ico
|
| 506 |
|
|
|a Contenido solo disponible en los productos indicados
|d vLex Global
|d vLex Global (Academic Edition, excluding Law Schools)
|d vLex Global (U.S. Academic Edition, Law Schools)
|d vLex Global (U.S. Academic Edition, excluding Law Schools)
|d vLex Global (Academic Edition, Law Schools)
|
| 650 |
|
4 |
|a Seguros
|z Mx̌ico
|
| 700 |
1 |
0 |
|4 Romero Said, Vicente
|
| 740 |
|
|
|a vLex Libros (Servicio en ln̕ea)
|
| 856 |
|
|
|a Acceso restringido
|u http://www.vlex.com/source/11345
|
| 942 |
|
|
|c BOOK
|
| 999 |
|
0 |
|b Insaurance
|